<?xml version="1.0" encoding="UTF-8"?>
<record
    xmlns:xsi="http://www.w3.org/2001/XMLSchema-instance"
    xsi:schemaLocation="http://www.loc.gov/MARC21/slim http://www.loc.gov/standards/marcxml/schema/MARC21slim.xsd"
    xmlns="http://www.loc.gov/MARC21/slim">

  <leader>02621cam a22002774a 4500</leader>
  <datafield tag="999" ind1=" " ind2=" ">
    <subfield code="c">9242</subfield>
    <subfield code="d">9242</subfield>
  </datafield>
  <controlfield tag="001">14793382</controlfield>
  <controlfield tag="003">OSt</controlfield>
  <controlfield tag="005">20210111145340.0</controlfield>
  <controlfield tag="008">070402s2007    ilu           000 0 eng  </controlfield>
  <datafield tag="010" ind1=" " ind2=" ">
    <subfield code="a">  2007013990</subfield>
  </datafield>
  <datafield tag="020" ind1=" " ind2=" ">
    <subfield code="a">9780802482525</subfield>
  </datafield>
  <datafield tag="020" ind1=" " ind2=" ">
    <subfield code="z">0802467942</subfield>
  </datafield>
  <datafield tag="040" ind1=" " ind2=" ">
    <subfield code="a">DLC</subfield>
    <subfield code="c">DLC</subfield>
    <subfield code="d">DLC</subfield>
  </datafield>
  <datafield tag="050" ind1="0" ind2="0">
    <subfield code="a">BV4511</subfield>
    <subfield code="b">.S36 2007</subfield>
  </datafield>
  <datafield tag="082" ind1="0" ind2="0">
    <subfield code="a">248.4</subfield>
    <subfield code="2">22</subfield>
  </datafield>
  <datafield tag="100" ind1="1" ind2=" ">
    <subfield code="a">Sanders, J. Oswald</subfield>
    <subfield code="q">(John Oswald),</subfield>
    <subfield code="d">1902-1992.</subfield>
  </datafield>
  <datafield tag="245" ind1="1" ind2="0">
    <subfield code="a">Spiritual maturity :</subfield>
    <subfield code="b">principles of spiritual growth for every believer /</subfield>
    <subfield code="c">J. Oswald Sanders.</subfield>
  </datafield>
  <datafield tag="260" ind1=" " ind2=" ">
    <subfield code="a">ChIcago, IL :</subfield>
    <subfield code="b">Moody Publishers,</subfield>
    <subfield code="c">2007.</subfield>
  </datafield>
  <datafield tag="300" ind1=" " ind2=" ">
    <subfield code="a">235 p. ;</subfield>
    <subfield code="c">23 cm.</subfield>
  </datafield>
  <datafield tag="505" ind1="0" ind2=" ">
    <subfield code="a">The overruling Providence of God -- "All things work together for good" -- The prostrating vision of God -- "I beseech thee, show me thy glory" -- The undiscouraged perseverance of God -- "The God of Jacob" -- The discriminating disciplines of God -- "Doth the plowman plow continually to sow?" -- The perfected strength of God -- "My strength is made perfect in weakness" -- The moral antipathy of God -- "The Lord doth hate ... a proud look" -- The satisfying compensations of God -- "Lo, I see four men and the fourth is like the Son of God" -- 17 25 35 43 49 59 -- The supreme vision of Christ -- "I saw one like unto the Son of Man" -- The transcendent worthiness of Christ -- "Worthy is the Lamb that was slain" -- The unfinished work of Christ -- "He ever liveth to make intercession" -- Christ's ideal of character -- "Blessed are the poor in spirit" -- Christ's terms of discipleship -- "He cannot be my disciple" -- A personal letter from Christ -- "Unto the angel of the church at Ephesus write" -- A reigning life through Christ -- "They shall reign in life by one, Jesus Christ" -- The spirit-the breath of God -- "There came the sound as of a rushing mighty breath" -- The transforming power of the spirit -- "We are changed ... by the spirit of the Lord" -- The purging fire of the spirit -- "Then the fire fell" -- The mighty dynamic of the spirit -- "Not by might nor by power, but by my spirit" -- The missionary passion of the spirit -- "The Holy Ghost said, separate me Barnabas and Saul" -- The spirit and speaking with tongues -- "They all spake with other tongues" -- The spirit and speaking with tongues  -- "Do all speak with tongues?"</subfield>
  </datafield>
  <datafield tag="650" ind1=" " ind2="0">
    <subfield code="a">Spiritual formation.</subfield>
  </datafield>
  <datafield tag="856" ind1="4" ind2="1">
    <subfield code="3">Table of contents only</subfield>
    <subfield code="u">http://www.loc.gov/catdir/toc/ecip0715/2007013990.html</subfield>
  </datafield>
  <datafield tag="906" ind1=" " ind2=" ">
    <subfield code="a">7</subfield>
    <subfield code="b">cbc</subfield>
    <subfield code="c">orignew</subfield>
    <subfield code="d">1</subfield>
    <subfield code="e">ecip</subfield>
    <subfield code="f">20</subfield>
    <subfield code="g">y-gencatlg</subfield>
  </datafield>
  <datafield tag="942" ind1=" " ind2=" ">
    <subfield code="2">ddc</subfield>
    <subfield code="c">BK</subfield>
  </datafield>
  <datafield tag="952" ind1=" " ind2=" ">
    <subfield code="0">0</subfield>
    <subfield code="1">0</subfield>
    <subfield code="2">ddc</subfield>
    <subfield code="4">0</subfield>
    <subfield code="7">0</subfield>
    <subfield code="8">NFIC</subfield>
    <subfield code="a">HMC</subfield>
    <subfield code="b">HMC</subfield>
    <subfield code="c">GEN</subfield>
    <subfield code="d">2021-01-15</subfield>
    <subfield code="l">0</subfield>
    <subfield code="o">248.4 SA194S</subfield>
    <subfield code="p">010560</subfield>
    <subfield code="r">2021-01-15 00:00:00</subfield>
    <subfield code="w">2021-01-15</subfield>
    <subfield code="y">BK</subfield>
  </datafield>
</record>
